000 00801nam a2200241 a 4500
001 000027591
003 DO-SdBNP
005 20220704134101.0
007 ta
008 110401s1995 dr r 001 0 spa d
040 _aDO-SdBNP
_bspa
_cBNPHU
082 4 _a341.481
_bG633d
_222
100 1 _aGomez, Luis
_954686
245 1 4 _aLos derechos humanos en República Dominicana 1492-1984 /
_cLuis Gomez
260 _aSanto Domingo :
_bUniversitaria.
_c1995.
300 _a502 p. ;
_c22 cm.
490 1 _aPublicaciones de la Universidad Autónoma de Santo Domingo
_v356
505 0 _aPrincipios y características de los derechos humanos--
590 _aInventariado, 2022 / DG
830 _aPublicaciones de la Universidad Autónoma de Santo Domingo
_n356
_973672
910 _aDG
942 _2ddc
_cLBS1
999 _c52129
_d52129